Fire & explosion index : hazard classification guide /
Guardado en:
| Autor Corporativo: | |
|---|---|
| Formato: | Libro |
| Idioma: | English |
| Publicado: |
New York, N.Y. :
AICHE,
c1981.
|
| Edición: | 5th ed. |
| Series: | A CEP technical manual
|
| Materias: | |
| Etiquetas: |
Agregar Etiqueta
Sin Etiquetas, Sea el primero en etiquetar este registro!
|
| LEADER | 01086pam a22002895a 4500 | ||
|---|---|---|---|
| 001 | EIQ.libpla002031 | ||
| 008 | 801209s1981####nyua##########000#0#eng#d | ||
| 005 | 20070329153201.0 | ||
| 245 | 1 | 0 | |a Fire & explosion index : |b hazard classification guide / |c American Institute of Chemical Engineers. |
| 246 | 1 | |a Fire and explosion index. | |
| 246 | 1 | |a Dow's fire & explosion index. | |
| 246 | 1 | |a Dow's fire and explosion index. | |
| 250 | |a 5th ed. | ||
| 260 | |a New York, N.Y. : |b AICHE, |c c1981. | ||
| 300 | |a 57 p. : |b il. ; |c 28 cm. | ||
| 440 | 2 | |a A CEP technical manual | |
| 500 | |a Título de cubierta: Dow's fire & explosion index. | ||
| 020 | |a 0816901945 | ||
| 082 | 0 | 0 | |a 628.9/22 |2 19 |
| 650 | 4 | |a Explosiones |x Handbooks, manuales, etc. | |
| 650 | 4 | |a Prevención contra incendios |x Handbooks, manuales, etc. | |
| 650 | 0 | |a Fire prevention |x Handbooks, manuals, etc. | |
| 650 | 0 | |a Explosions |x Handbooks, manuals, etc. | |
| 010 | |a 80029237 | ||
| 040 | |a DLC |c DLC |d AR-BbSID | ||
| 110 | 2 | |a American Institute of Chemical Engineers. | |
| 859 | |a AR-BbSID |b BIB. PLAPIQUI |h 660.280 4 |i Am 39 |p 3314 | ||
